Recenzia monografie Půček, M. - Ochrana, F. a kol.: Chytrá veřejná správa - Kohézní politika

Recenzia na publikáciu M. Půčka a F. Ochranu: Chytá veřejná správa - kohézní politika. Charakteristika publikácie, prednosti publikácie. Rozdelenie textu na štyri hlavné časti. Charakteristika jednotlivých častí.

Salvato in:
Dettagli Bibliografici
Autore principale: Hamalová, Marta
Natura: Capitolo di libro
Lingua:slovacco
Soggetti:
Tags: Aggiungi Tag
Nessun Tag, puoi essere il primo ad aggiungerne!!

MARC

LEADER 00000naa a2200000 4500
001 0117934
005 20100922130858.7
041 0 |a slo 
044 |a SK 
245 1 0 |a Recenzia monografie Půček, M. - Ochrana, F. a kol.: Chytrá veřejná správa - Kohézní politika  |c Marta Hamalová 
520 |a Recenzia na publikáciu M. Půčka a F. Ochranu: Chytá veřejná správa - kohézní politika. Charakteristika publikácie, prednosti publikácie. Rozdelenie textu na štyri hlavné časti. Charakteristika jednotlivých častí. 
610 2 0 |a recenzie 
610 2 0 |a správa verejná 
610 2 0 |a služby verejné 
610 2 0 |a politika kohézna 
610 2 0 |a Česko 
100 1 |a Hamalová, Marta